000 00470nam a22001577a 4500
999 _c7778
_d7776
005 20210325143716.0
008 210325b ||||| |||| 00| 0 eng d
082 _a345.408 23
100 _aMANOHAR AND CHITALEY
_96503
245 _aTHE AIR MANUAL CIVIL AND CRIMINAL TELEGRAPH WIRES ACT, [1950] TO VICTORIA MEMORIAL ACT [1903]VOL-44
250 _a6TH ED.
260 _aNAGPUR
_bTHE ALL INDIA REPORTER PVT.LTD.
300 _a2008,p
650 _aLAW
_95701
942 _cJRL